000 00653nam a2200217Ia 4500
008 191130s2000##################000#0#eng##
020 _a9780198065463
040 _aACL
_cACL
082 _a302.232 JEF
100 _aJeffrey, Robin
245 _aIndia's newspaper revolution : capitalism, politics and the Indian-language press
_cRobin jeffrey
260 _aOxford
_bOxford University Press
_c2000
300 _axlv., 273p ;ill ;23cm
500 _aIncludes bibliographical references
650 _aIndia
650 _aIndic newspapers
650 _aPress
990 _ab3d85744ac10000c1ec59b8a844c0393
991 _a224791
999 _c214078
_d214078